000 00744nam a2200253 i 4500
001 128446
003 ES-MaACL
005 20250809063518.0
007 t|
008 070511s1985 sp |||| | spa d
020 _a84-206-8100-8
080 _a338.1(460)"19"
080 _a338.2(460)"19"
100 1 _aTamames, Ramón,
_d1933-
_9237391
245 1 0 _aEstructura econónica de España /
_cRamón Tamames.
250 _a16ª ed.
260 _aMadrid :
_bAlianza,
_c1985.
300 _aXXX, 772 p. ;
_c23 cm.
490 1 _aAlianza universidad. Textos
651 4 _aEspaña-
_xSituación económica-
_yS.XX.
_98505
830 0 _aAlianza universidad. Textos
_9177885
852 _aES-MaACL
_jL-11592
999 _c128446
_d128446